History Quiz

Random History or Century Quiz

History by Headline II Quiz Stats

 Plays Quiz Updated Apr 7, 2015

Challenge
Share
Tweet
Score 0/18 Timer 04:00
0 Plays Today
% Correct
1963
98.6%
1969
96.6%
1945
93.8%
1939
91.8%
1945
85.7%
1977
85%
1997
84%
1929
81.5%
1990
81.4%
% Correct
1974
81.2%
1950
81%
1917
79.9%
1972
79.6%
1906
68.1%
1986
62.4%
1954
59.9%
1937
58.4%
1909
43.2%

You're not logged in!

Compare scores with friends on all Sporcle quizzes.
OR
Log In

You Might Also Like...

Show Comments

Extras

Top Quizzes Today


Score Distribution

Your Account Isn't Verified!

In order to create a playlist on Sporcle, you need to verify the email address you used during registration. Go to your Sporcle Settings to finish the process.

Report this User

Report this user for behavior that violates our Community Guidelines.

Details: